000 00523nam a2200181 4500
003 SEACOMMC
005 20250425155203.0
008 241202b |||||||| |||| 00| 0 eng d
020 _a978-0-76193-493-6
_cRs.420.00
040 _aSEACOMMC
082 _a 305.4
_bJ 83
100 _aAmmu Joseph (ed.)
245 1 _aWhose news? The media and women's issues
_cAmmu Joseph (ed.) [and] Kalpana Sharma (ed.)
250 _a2nd ed.
260 _a New Delhi
_b Sage Publications
_c 2006
650 _a Social Sciences
942 _cBOOK
999 _c814
_d814